Giáo trình luật tố tụng dân sự
Nội dung sách trình bày: những vấn đề cơ bản về luật tố tụng dân sự; chủ thể của quan hệ pháp luật tố tụng dân sự; thẩm quyền của tòa án nhân dân; án phí, lệ phí và chi phí tố tụng; thời hạn tố tụng và thủ tục cấp, tống đạt, thô...
Salvato in:
| Autore principale: | |
|---|---|
| Altri autori: | |
| Natura: | Libro |
| Lingua: | Vietnamese |
| Pubblicazione: |
Tp. Hồ Chí Minh
Đại học quốc gia Tp. Hồ Chí Minh
2019
|
| Edizione: | Tái bản có chỉnh sửa, bổ sung |
| Soggetti: | |
| Tags: |
Aggiungi Tag
Nessun Tag, puoi essere il primo ad aggiungerne! !
|
| Thư viện lưu trữ: | Thư viện Trường Đại học Nam Cần Thơ |
|---|
| LEADER | 02206nam a22002777a 4500 | ||
|---|---|---|---|
| 001 | NCT_80474 | ||
| 008 | 200609b xxu||||| |||| 00| 0 vie d | ||
| 999 | |c 3948 |d 3948 | ||
| 020 | |a 9786047368075 |c 129000 | ||
| 082 | 0 | 4 | |2 23rd ed. |a 347.075 |b Nh513 |
| 100 | 1 | |a Nguyễn Thị Hồng Nhung |e Chủ biên | |
| 245 | 1 | 0 | |a Giáo trình luật tố tụng dân sự |c Nguyễn Thị Hồng Nhung (Chủ biên); Huỳnh Thị Nam Hải |
| 250 | |a Tái bản có chỉnh sửa, bổ sung | ||
| 260 | |a Tp. Hồ Chí Minh |b Đại học quốc gia Tp. Hồ Chí Minh |c 2019 | ||
| 300 | |a 418 tr. |c 24cm | ||
| 500 | |a ĐTTS ghi: Đại học quốc gia thành phố Hồ Chí Minh, Trường đại học Kinh tế - Luật | ||
| 520 | 3 | |a Nội dung sách trình bày: những vấn đề cơ bản về luật tố tụng dân sự; chủ thể của quan hệ pháp luật tố tụng dân sự; thẩm quyền của tòa án nhân dân; án phí, lệ phí và chi phí tố tụng; thời hạn tố tụng và thủ tục cấp, tống đạt, thông báo văn bản tố tụng; chứng cứ và chứng minh trong tố tụng dân sự,... | |
| 653 | |a Luật học | ||
| 700 | 1 | |a Huỳnh Thị Nam Hải | |
| 942 | |2 ddc |c BK | ||
| 952 | |0 0 |1 0 |2 ddc |4 0 |6 347_075000000000000_NH513 |7 0 |9 19684 |a 000001 |b 000001 |d 2020-06-09 |l 2 |o 347.075 Nh513 |p MD.17250 |r 2021-04-13 |s 2021-03-31 |v 129000.00 |w 2020-06-09 |y BK | ||
| 952 | |0 0 |1 0 |2 ddc |4 0 |6 347_075000000000000_NH513 |7 0 |9 19685 |a 000001 |b 000001 |d 2020-06-09 |o 347.075 Nh513 |p MD.17251 |r 2020-06-09 |v 129000.00 |w 2020-06-09 |y BK | ||
| 952 | |0 0 |1 0 |2 ddc |4 0 |6 347_075000000000000_NH513 |7 0 |9 19686 |a 000001 |b 000001 |d 2020-06-09 |o 347.075 Nh513 |p MD.17252 |r 2020-06-09 |v 129000.00 |w 2020-06-09 |y BK | ||
| 952 | |0 0 |1 0 |2 ddc |4 0 |6 347_075000000000000_NH513 |7 0 |9 19687 |a 000001 |b 000001 |d 2020-06-09 |o 347.075 Nh513 |p MD.17253 |r 2020-06-09 |v 129000.00 |w 2020-06-09 |y BK | ||
| 952 | |0 0 |1 0 |2 ddc |4 0 |6 347_075000000000000_NH513 |7 0 |9 19688 |a 000001 |b 000001 |d 2020-06-09 |o 347.075 Nh513 |p MD.17254 |r 2020-06-09 |v 129000.00 |w 2020-06-09 |y BK | ||
| 980 | |a Thư viện Trường Đại học Nam Cần Thơ | ||


